Представление документа в формате RUSMARC

ПолеНазваниеЗначение
  Тип записи a
  Библиографический уровень m
001 Контрольный номер b518a37461c54cee9ffa9f7ef50fbe0c
005 Дата корректировки 20150706152724.7
010 Индекс ISBN __
a ISBN 978-5-16-005134-5
010 Индекс ISBN __
a ISBN 978-5-16-100440-1
101 Язык документа 0_
a Язык текста rus
102 Страна публикации __
a Страна публикации RU
200 Заглавие и сведения об ответственности 1_
a Заглавие Финансовая математика
b Общее обозначение материала Текст
e Сведения, относящиеся к заглавию учеб. пособие
f Первые сведения об ответственности П.Н. Брусов, Т.В. Филатова
210 Выходные данные 1_
a Место издания Москва
c Издательство ИНФРА-М
d Дата издания 2014
215 Физическое описание __
a Объем 479, [1] с.
225 Серия 2_
a Серия Высшее образование - Магистратура
610 Ключевые слова 0_
a Ключевые слова финансовая математика
610 Ключевые слова 0_
a Ключевые слова корпоративные финансы
610 Ключевые слова 0_
a Ключевые слова инвестиционный менеджмент
610 Ключевые слова 0_
a Ключевые слова финансовые рынки
610 Ключевые слова 0_
a Ключевые слова деривативы
610 Ключевые слова 0_
a Ключевые слова Банковское дело
686 Индексы других классификаций __
a Классификационный индекс 65.9(2)26я73
700 Автор _1
a Фамилия Брусов
b Имя П. Н.
701 Альтернативная интеллектуальная ответственность _1
a Фамилия Филатова
b Имя Т. В.
e Роль лиц Автор
4 Код отношения 070
801 Источник записи _0
a Страна RU
b Организация РУК
c Дата составления 20150706
g Правила каталогизации PSBO
801 Источник записи _1
a Страна RU
b Организация РУК
g Правила каталогизации PSBO
852 Данные о местонахождении __
i Авторский знак Б 89
j Шифр хранения ББК 65.9(2)26
901 Тип документа __
t Тип документа m
937 Технологическая информация __
a Создатель записи (имя) Золотухина
938 Служебная информация __
a Название организации Головной вуз
952 Тип литературы __
b Гриф литературы для ВШ гриф УМО
c Вид литературы учебное пособие